| 000 | 00353cam a22001217a 4500 | ||
|---|---|---|---|
| 008 | 180718b1958 xxu||||| |||| 00| 0 eng d | ||
| 082 | _aA6x5408 R19 | ||
| 100 | _aRau, G.V. Subba | ||
| 245 |
_aPartition of India. _cby G.V. Subba Rau |
||
| 260 |
_aAmalapuram _bGoshthi Book- Trust _c1958 |
||
| 300 | _axxiv, 252p | ||
| 650 | _aIndia -History -Partition, 1947 | ||
| 999 |
_c412377 _d412377 |
||